<?xml version="1.0" encoding="UTF-8"?>
<record
    xmlns:xsi="http://www.w3.org/2001/XMLSchema-instance"
    xsi:schemaLocation="http://www.loc.gov/MARC21/slim http://www.loc.gov/standards/marcxml/schema/MARC21slim.xsd"
    xmlns="http://www.loc.gov/MARC21/slim">

  <leader>01953cam a22002417i 4500</leader>
  <datafield tag="020" ind1=" " ind2=" ">
    <subfield code="a">0128028335</subfield>
  </datafield>
  <datafield tag="020" ind1=" " ind2=" ">
    <subfield code="a">9780128028339</subfield>
  </datafield>
  <datafield tag="082" ind1="0" ind2="4">
    <subfield code="a">624.15132</subfield>
    <subfield code="b">ZHA</subfield>
    <subfield code="c">NUST-02-P-99</subfield>
  </datafield>
  <datafield tag="100" ind1="1" ind2=" ">
    <subfield code="a">Zhang, Lianyang,</subfield>
    <subfield code="9">51736</subfield>
  </datafield>
  <datafield tag="245" ind1="1" ind2="0">
    <subfield code="a">Engineering properties of rocks /</subfield>
    <subfield code="c">Lianyang Zhang.</subfield>
  </datafield>
  <datafield tag="250" ind1=" " ind2=" ">
    <subfield code="a">Second edition.</subfield>
  </datafield>
  <datafield tag="260" ind1=" " ind2=" ">
    <subfield code="a">New York:.</subfield>
    <subfield code="b">ELSEVIRE,</subfield>
    <subfield code="c">2017</subfield>
  </datafield>
  <datafield tag="300" ind1=" " ind2=" ">
    <subfield code="a">xvi, 378 pages :</subfield>
    <subfield code="b">illustrations ;</subfield>
    <subfield code="c">23 cm</subfield>
  </datafield>
  <datafield tag="500" ind1=" " ind2=" ">
    <subfield code="a">Previous edition: 2006.</subfield>
  </datafield>
  <datafield tag="505" ind1="0" ind2=" ">
    <subfield code="a">In situ stresses -- Intact rock -- Rock discontinuities -- Rock masses -- Deformability -- Strength -- Permeability.</subfield>
  </datafield>
  <datafield tag="520" ind1=" " ind2=" ">
    <subfield code="a">"More often than not, it is difficult or even impossible to obtain directly the specific rock parameters of interest using the situ methods. The procedures for measuring most rock properties are also time consuming and expensive. As an alternative, the typical values and/or empirical correlations of similar rocks are commonly used to estimate the specific parameters needed. However, these values and correlations come in many forms and are scattered across the different sources. It is often difficult, time consuming, or even impossible for a practitioner to find appropriate information in order to determine the required rock parameters. Based on the author's extensive experience, Engineering properties of rocks offers a single source of information and serves as a valuable tool for practitioners to evaluate the properties of rocks. It systematically describes the classification and characterization of intact rock, rock discontinuities and rock masses, and presents the various indirect methods for estimating the deformability, strength, and permeability of these components as well as the situ rock stresses"--Back cover.</subfield>
  </datafield>
  <datafield tag="526" ind1=" " ind2=" ">
    <subfield code="a">0</subfield>
    <subfield code="b">0</subfield>
    <subfield code="c">0</subfield>
    <subfield code="d">624_151320000000000_ZHA</subfield>
  </datafield>
  <datafield tag="650" ind1=" " ind2="0">
    <subfield code="a">Rock mechanics.</subfield>
    <subfield code="9">23489</subfield>
  </datafield>
  <datafield tag="650" ind1=" " ind2="0">
    <subfield code="a">Rocks</subfield>
    <subfield code="x">Testing.</subfield>
    <subfield code="9">51737</subfield>
  </datafield>
  <datafield tag="650" ind1=" " ind2="7">
    <subfield code="a">Rock mechanics.</subfield>
    <subfield code="9">23489</subfield>
  </datafield>
  <datafield tag="650" ind1=" " ind2="7">
    <subfield code="a">Rocks</subfield>
    <subfield code="x">Testing.</subfield>
    <subfield code="9">51737</subfield>
  </datafield>
  <datafield tag="942" ind1=" " ind2=" ">
    <subfield code="2">ddc</subfield>
    <subfield code="c">BK</subfield>
  </datafield>
  <datafield tag="999" ind1=" " ind2=" ">
    <subfield code="c">554286</subfield>
    <subfield code="d">554286</subfield>
  </datafield>
  <datafield tag="952" ind1=" " ind2=" ">
    <subfield code="0">0</subfield>
    <subfield code="1">0</subfield>
    <subfield code="2">ddc</subfield>
    <subfield code="4">0</subfield>
    <subfield code="7">0</subfield>
    <subfield code="a">MCE</subfield>
    <subfield code="b">MCE</subfield>
    <subfield code="d">2019-09-03</subfield>
    <subfield code="g">13723.62</subfield>
    <subfield code="l">0</subfield>
    <subfield code="o">624.15132 ZHA</subfield>
    <subfield code="p">MCE-51107</subfield>
    <subfield code="r">2019-09-03</subfield>
    <subfield code="w">2019-09-03</subfield>
    <subfield code="y">BK</subfield>
  </datafield>
</record>
